000 00585nam a2200181Ia 4500
008 090124s9999 xx 000 0 und d
082 _b125010
100 _aमंगेशकर गीता / बांदोडकर गौरी
245 _a भाबडी
250 _a1
260 _c1992
300 _a213
600 _aमंगेशकर गीता / बांदोडकर गौरी
630 _a भाबडी
700 _aमंगेशकर गीता / बांदोडकर गौरी
730 _a भाबडी
942 _cBOOK
999 _c171100
_d171100